000 00669nam a2200205 a 4500
001 000024721
005 20200930023330.0
008 110202s1972 ag r 000 0 spa d
040 _aDO-SdBNP
_bspa
_cBNPHU
041 1 7 _aspa
_hfre
_2Código de idiomas MARC
082 _ann*
_bnn*
100 1 _aKundera, Milan.
_945637
240 1 3 _aLa plaisanterie.
_lEspañol
245 1 3 _aLa broma /
_cMilan Kundera ; traducción de Cora Belloni de Zaldívar.
260 _aBuenos Aires :
_bEmecé,
_c1972.
300 _a340 p. ;
_c18 cm.
534 _aTítulo de la traducción al francés :
_tLa plaisanteire
700 1 _aBelloni de Zaldívar, Cora,
_etr.
_950721
049 _aBNGR
999 _c24214
_d24214